000
00283nam a22001337a 4500
008
170808b xxu||||| |||| 00| 0 eng d
020
_a
9780130796608
041
_a
eng
080
_a
004
100
_a
35
101
_a
SHKI
245
_a
NOT JUST JAVA
_c
LINDEN, P
942
_2
udc
_c
BK
999
_c
22917
_d
22917